000 00453nam a2200133Ia 4500
008 210430s9999 xx 000 0 und d
020 _a978-0750656399
082 _a660 C 853 C
100 _aJ R Backhurst, J H Harker, J F Richardson
_9127643
245 _aCoulson & Richardson's Chemical Engineering: Solutions to the Problems in Volumes 2 & 3 /
_cJ.F.Richardson
260 _aIndia
_bButterworth-Heinemann
_c2007
300 _a340p
942 _cBK
_2ddc
999 _c564297
_d564297